| 000 | 00728nam a2200193Ii 4500 | ||
|---|---|---|---|
| 003 | JO-AjNU | ||
| 008 | 230605s9999||||xx |||||||||||||| ||und|| | ||
| 040 |
_aJO-AjNU _bara _erda _cJO-AjNU |
||
| 041 | _aara | ||
| 050 | 1 | 4 | _aHQ769 .A9245 1984 |
| 100 | 3 |
_aمحمد، عواطف إبراهيم, _eauthor _914738 |
|
| 245 | 0 | 0 | _aثقافة المجتمع وعلاقتها بمضمون كتب الاطفال |
| 264 | 3 | 1 | _aالاسكندرية: دار المطبوعات الجديدة، 1984 |
| 300 |
_a112ص _bيحتوي على رسوم وصور |
||
| 336 |
_atext _btxt _2rdacontent |
||
| 337 |
_aunmediated _bn _2rdamedia |
||
| 338 |
_avolume _bnc _2rdacarrier |
||
| 650 | 4 |
_aثقافة الاطفال - كتب الاطفال _914739 |
|
| 999 |
_aA4001 _c7569 _d7569 |
||